| Поле | Инд. | ПП | Название | Значение |
|---|---|---|---|---|
| Тип записи | a | |||
| Библиографический уровень | b | |||
| 001 | Контрольный номер | UNIDUBNA2a2ee176c7a14254a00791171d618b30 | ||
| 005 | Дата корректировки | 20230911110900.8 | ||
| 084 | a | Индекс другой классификации/Индекс ББК | 88.93; 60.993 | |
| 100 | 1_ | a | Автор | Калинина О. П. |
| 245 | 10 | a | Заглавие | "Школа здорового образа жизни" как технология реабилитации граждан с ограниченными возможностями здоровья |
| 504 | a | Библиография | Лит. в конце статьи | |
| 520 | 0_ | a | Аннотация | Представлена реабилитационная программа, цель которой: укрепление здоровья пожилых людей и инвалидов, комплексная социальная реабилитация граждан с ограниченными возможностями здоровья (ОВЗ) через квалифицированную помощь по вопросам здорового образа жизни, адаптация к меняющимся условиям жизни, а также интеграция в общество. Описаны задачи программы, ее содержание, формы, методы работы и учебно-тематический план. |
| 650 | 04 | a | Основная рубрика | практическая психология (прикладная психология) |
| a | Основная рубрика | психокоррекция | ||
| a | Основная рубрика | психология | ||
| a | Основная рубрика | социальная работа | ||
| 653 | 0_ | a | Ключевые слова | здоровый образ жизни |
| a | Ключевые слова | инвалиды | ||
| a | Ключевые слова | интеграция | ||
| a | Ключевые слова | коррекционно-реабилитационные технологии | ||
| a | Ключевые слова | ограниченные возможности здоровья | ||
| a | Ключевые слова | пожилые люди | ||
| a | Ключевые слова | психосоциальная реабилитация | ||
| a | Ключевые слова | реабилитационная работа | ||
| a | Ключевые слова | социализация | ||
| a | Ключевые слова | социально-психологическое сопровождение | ||
| 773 | 18 | t | Заглавие источника | Работник социальной службы |
| d | Дата издания источника | 2022 | ||
| g | Прочая информация | № 10. - С. 61 - 71 : табл. | ||
| w | Контрольный № источника | UNIDUBNA45ee1e58fe7f4aa4a1f5faaa010db929 | ||
| 901 | t | Тип документа | b |